000
00286nam a22001337a 4500
008
170616b xxu||||| |||| 00| 0 eng d
020
_a
0934540004
041
_a
eng
080
_a
32
100
_a
20
101
_a
SHP
245
_a
WITHER THE STATE?
_c
SHARKANSKY, I
942
_2
udc
_c
BK
999
_c
17820
_d
17820